The distribution and importance of arthropods associated with agriculture and forestry in Chile
שמור ב:
| Main Authors: | , |
|---|---|
| פורמט: | ספר |
| שפה: | אנגלית |
| יצא לאור: |
Canberra
Australian Centre for International Agricultural Research
2000
|
| נושאים: | |
| תגים: |
הוספת תג
אין תגיות, היה/י הראשונ/ה לתייג את הרשומה!
|
MARC
| LEADER | 00000nam a2200000 a 4500 | ||
|---|---|---|---|
| 001 | UCM7894 | ||
| 003 | CL-VaPUC | ||
| 008 | 030110e20000000AT |||||||||||||||||eng|d | ||
| 082 | 0 | 4 | |a 595 |b KOC |2 21 |
| 100 | 0 | |a Koch, C. Klein |e author |9 473656 | |
| 700 | 0 | |a Waterhouse, D. F |e author |9 473657 | |
| 245 | 1 | 4 | |a The distribution and importance of arthropods associated with agriculture and forestry in Chile |
| 246 | 1 | 0 | |a Distribución e importancia de los artrópodos asociados a la agricultura y silvicultura en Chile |
| 300 | |a 231 p | ||
| 942 | |c BK | ||
| 945 | |d 20030110 00:00:00 |a lriquelm | ||
| 260 | |a Canberra |b Australian Centre for International Agricultural Research |c 2000 | ||
| 650 | 0 | |a Artrópodos |x Distribución natural |9 473658 | |
| 650 | 0 | |a Artrópodos |x Distribución geográfica |9 473659 | |
| 650 | 0 | |a Control de plagas |9 327373 | |
| 650 | 0 | |a Insectos |9 264174 | |
| 651 | 7 | |a CHILE |2 CL-VaPUC |9 473660 | |
| 583 | |a last modification |c 20030110 00:00:00 |k Rodrigo Vera | ||
| 999 | |c 302542 |d 302540 | ||
| 952 | |0 0 |1 0 |4 0 |6 595_000000000000000_KOC_2000 |7 0 |8 A |9 363186 |a BIBAGR |b BIBAGR |d 2019-11-21 |i 3874532 |o 595 KOC 2000 |p 3874532 |r 2025-01-20 |w 2019-11-21 |y BK |k AGR | ||
| 952 | |0 0 |1 0 |4 0 |6 595_000000000000000_KOC_2000 |7 0 |8 A |9 363187 |a BIBCUR |b BIBCUR |d 2019-11-21 |i 3891283 |l 1 |o 595 KOC 2000 |p 3891283 |r 2025-04-22 |s 2024-05-22 |w 2019-11-21 |y BK |k BCB | ||
| 952 | |0 0 |1 0 |4 0 |6 595_000000000000000_KOC_2000 |7 0 |8 A |9 363188 |a BIBAGR |b BIBAGR |d 2019-11-21 |i 3891100 |o 595 KOC 2000 |p 3891100 |r 2025-01-20 |w 2019-11-21 |y BK |k AGR | ||